000 00554nam a22001577a 4500
008 150311b xxu||||| |||| 00| 0 eng d
020 _a8474329302
082 _a384.54
_bW 776c
100 _aWinocur, Rosalía
_92151
245 _aCiudadanos Mediáticos: La construcción de lo público en la radio
260 _aBarcelona
_bEditorial Gedisa S.A.
_c2002
300 _a220 p.
_c22.5 cm
440 _aSerie Culturas
_91680
650 _xRadiodifusión- aspectos políticos
_xParticipación política
_xCiudadanía
_xMéxico
_92152
700 _aRosalia Winocur
_92153
999 _c446
_d446